Football: Meilleurs Buteurs équipes nationales - Statistiques

Statistiques générales
  • Ce quiz a été pris 186 fois
  • Le résultat moyen est 25 sur 60
Statistiques - réponses
Hint Réponse % Correct
Argentine Lionel Messi
84%
Brésil Neymar
80%
Côte d'Ivoire Didier Drogba
76%
Angleterre Harry Kane
76%
France Olivier Giroud
75%
Belgique Romelu Lukaku
74%
Cameroun Samuel Eto'o
72%
Espagne David Villa
68%
Gabon Pierre-Emerick Aubameyang
67%
Chili Alexis Sanchez
65%
Portugal Cristiano Ronaldo
65%
Bosnie-Herzégovine Edin Dzeko
64%
Pologne Robert Lewandowski
62%
Pays de Galles Gareth Bale
58%
Suède Zlatan Ibrahimovic
58%
Grèce Nikos Anastopoulos
57%
Colombie Radamel Falcao
55%
Pays-Bas Robin van Persie
54%
Etats-Unis Clint Dempsey / Landon Donovan
52%
Hongrie Ferenc Puskás
51%
Algérie Islam Slimani
51%
Allemagne Miroslav Klose
50%
Ecosse Dennis Law / Kenny Dalglish
49%
Australie Tim Cahill
49%
Sénégal Sadio Mané
48%
Uruguay Luis Suarez
47%
Bulgarie Dimitar Berbatov / Hristo Bonev
45%
Equateur Enner Valencia
42%
Corée du Sud Cha Bum-Kun
41%
Ukraine Andriy Chevtchenko
40%
Ghana Asamoah Gyan
40%
Serbie Aleksandar Mitrović
39%
Japon Kunishige Kamamoto
39%
RFA Gerd Müller
38%
Mexique Javier Hernandez
38%
Croatie Davor Suker
37%
Roumanie Gheorghe Hagi / Adrian Mutu
36%
Turquie Hakan Şükür
32%
Italie Luigi Riva
32%
Irlande Robbie Keane
32%
Togo Emmanuel Adebayor
30%
Suisse Alexander Frei
27%
Iran Ali Daei
27%
Maroc Ahmed Faras
24%
Nouvelle-Zélande Chris Wood
24%
Norvège Jørgen Juve
22%
Pérou Paolo Guerrero
21%
Danemark Poul Nielsen / Jon Dahl Tomasson
21%
Afrique du Sud Benni McCarthy
18%
Slovaquie Marek Hamsik
18%
République Tchèque Jan Koller
17%
Egypte Hossam Hassan
16%
Paraguay Roque Santa Cruz
16%
Tunisie Issam Jemâa
13%
URSS Oleg Blokhine
13%
Nigeria Rashidi Yekini
12%
Autriche Toni Polster
11%
Yougoslavie Stjepan Bobek
8%
Slovénie Zlatko Zahovic
8%
Tchécoslovaquie Antonin Puc
5%
Aucun quiz correspondant
Distribution des résultats
% des personnes avec chaque résultat
Percentile par nombre de réponses
Votre historique - résultats
Vous n’avez pas pris ce quiz